000 00524nam a22001577a 4500
003 OSt
005 20150923141503.0
008 150923b xxu||||| |||| 00| 0 eng d
040 _cRUA
082 _aAGR SRE 2007 B034 Or.1
100 _91186
_aSREAN, SOKHIM.
245 _aEffectiveness of seedling numbers on rice vaieties, ឥទ្ធិពលនៃចំនួនដើមសន្ទូងទៅលើពូជស្រូវ
260 _aPhnom Penh
_bRUA
_c2007
300 _axiii, 52p.
_bill.
_c29cm.
942 _2ddc
_cAGR
999 _c1130
_d1130